Statistiken für Die 10 Länder mit dem größten GDP der Welt

Klicken Sie hier um das Quiz zu spielen!

Allgemein

  • Dieses Quiz wurde 225 mal gespielt
  • Das Durchschnittsergebnis liegt bei 9 aus 10

Antwortstatistiken

GDP in Millionen US-DollarLand% Korrekt
11.951.562China
100%
19.390.600USA
99%
3.684.816Deutschland
98%
2.583.560Frankreich
95%
4.872.135Japan
94%
2.624.529Vereinigtes Königreich
88%
2.611.012Indien
87%
1.937.894Italien
82%
1.652.412Kanada
82%
2.054.969Brasilien
70%

Verteilung der Resultate

Perzentil nach korrekt beantworteten Fragen

Anzahl Personen mit jedem Resultat

Ihre Resultats-Entwicklung

Sie haben dieses Quiz noch nicht gespielt